000 00537nam a2200193Ia 4500
005 20250326143159.0
008 250326s9999 xx 000 0 und d
020 _a0-618-26015-3
037 _aTextbook
040 _aFMSL
_beng
_cFMSL
041 _aeng
_2eng
084 _aX3 P4
_qFMSL
100 _aBerko R M
_9747317
245 0 _aCommunication :social and career focus
_cBerko R M And Others
260 _aNY
_bNY, Houghton Mifflin Company
_c2004
300 _a448p
942 _cTB
_hX3 P4
999 _c1298473
_d1298473